000 00559nam a2200193Ia 4500
005 20260120132005.0
008 008 260114s9999 xx 000 0 eng d
020 _a9781383016758
037 _aEBOOK
040 _aCRL
_beng
_cCRL
041 _aeng
_2eng
084 _qCRL
100 _aHirsch
_9933624
245 4 _aThe Anthropology of Landscape: Perspectives on Place and Space
260 _bOxford University PressOxford University Press
_c2023
856 _uhttps://academic.oup.com/book/47779
942 _cEBOOK
999 _c1525547
_d1525547